000 01510nam a2200265 i 4500
003 DO-SdBNP
005 20260321073645.0
007 ta
008 081126s1966 dr 000 0 spa d
040 _aDO-SdBNP
_bspa
_cBNPHU
_erda
082 4 _a987.04
_bB742b, 1966
_222
100 1 _a Bosch, Juan,
_d1909-2001
_976555
245 1 0 _aBolívar y la guerra social /
_cJuan Bosch.
264 1 _aSanto Domingo :
_bJorge Alvarez,
_c1966.
300 _a159 páginas ;
_c21 cm.
336 _2rdacontent
_atexto
_btxt
337 _2rdamedia
_asin mediación
_bn
338 _2rdacarrier
_avolumen
_bnc
505 0 _gPrimera parte: Los antecedentes --
_tLas guerras americanas --
_tEl siglo de oro americano --
_tVenezuela en la primera mitad del siglo XVIII --
_tUna carta expresiva --
_tFin del siglo XVIII en España y Venezuela --
_tLa rotura de los vínculos --
_gSegunda parte: la guerra social --
_tla guerra social en marcha --
_tMiranda y Bolívar --
_tJosé Tomás Boves --
_tEl año terrible de Venezuela --
_tEl final de la guerra social --
_gTercera parte : Efectos de la guerra social en la accióm libertadora de Bolívar --
_tEl tránsito de la guerra social a la independencia --
_tLa influencia de Haití en la obra de Bolívar --
_tEl fusilamiento de Piar --
_t"Por salvar a Caracas..." --
_tLa corza herida --
_gConclusión --
_tResumen.
590 _aInventariado, 2023/ YL
600 1 0 _aBolívar, Simón,
_d1783-1830
_9253
651 4 _aVenezuela
_xHistoria
_y1810-1822
_9252
910 _aYLockward
942 _2ddc
_cLBS1
999 _c54557
_d54557